000
00265 a2200097 4500
001
13333
100
_a
Felleisen,M.
245
_a
How to design Programs:An introduction to programming Computing
260
_a
_b
Prentic Hall of India pvt Ltd
_c
090
_c
10351
_d
10351
942
_a
NUST-CAE
_c
M
_c
394
999
_c
248406
_d
248406